000 00916nam a2200289Ia 4500
003 OSt
005 20221007123742.0
006 a|||||r|||| 00| 0
007 ta
008 221006b |||||||| |||| 00| 0 eng d
020 _a3527306811 (hbd)
024 _a1796
037 _cTextual
040 _aCDL
_cCDL
_beng
041 _2eng
_aeng
082 _aE:(9S,27), P3 Carc
100 _aGasteiger Johann Ed.
_9717753
245 0 _aChemoinformatics: A textbook
_b Engel Thomas Ed.
260 _aWeinheim
_bWiley-Vch Verlag GmbH & Co.
_c2003
300 _axxx, 649p
_ccm.
500 _aIncludes bibliographical references.; Appendix 627-633p.; Index 635-649p.
650 _a Chemistry
650 _aChemoinformatics
_9445397
700 _a Engel Thomas Ed.
_9717754
942 _hE:(9S,27), P3 Carc
_cTEXL
_2CC
999 _c1212431
_d1212431